[Event "35. Abierto Ciudad de Sevilla 2010"]
[Site "Sevilla ESP"]
[Date "2010.01.11"]
[Round "4.13"]
[White "Rioboo De Larriva, Alvaro"]
[Black "Franco Ocampos, Zenon"]
[Result "0-1"]
[WhiteElo "2186"]
[BlackElo "2535"]
[PlyCount "120"]
[EventDate "2010.01.08"]
[EventType "swiss"]
[EventRounds "9"]
[EventCountry "ESP"]
[Source "lmi"]
[SourceDate "2010.01.08"]

1. e4 c5 2. Nc3 e6 3. f4 d5 4. Nf3 Nc6 5. Bb5 Nf6 6. e5 Nd7 7. O-O Qc7 8. Re1
a6 9. Bf1 Be7 10. a4 O-O 11. g3 Kh8 12. d3 f6 13. exf6 Nxf6 14. Bh3 Nd4 15.
Nxd4 cxd4 16. Nb1 e5 17. Bxc8 Raxc8 18. fxe5 Nd7 19. e6 Ne5 20. Bf4 Bd6 21. Qh5
Ng6 22. Bxd6 Qxd6 23. Nd2 Rf6 24. Nf3 h6 25. Ne5 Nxe5 26. Qxe5 Qc6 27. e7 Re8
28. Rf1 Kg8 29. Rae1 Rxf1+ 30. Rxf1 Qd7 31. Re1 Kf7 32. Qh5+ Kg8 33. Qe5 Kf7
34. Rf1+ Kg8 35. Rf5 Rxe7 36. Qxd5+ Kh7 37. Qxd7 Rxd7 38. Kf1 Kg6 39. Rf2 Kg5
40. Ke2 Kg4 41. c3 Kh3 42. cxd4 Rxd4 43. Rf4 Rd6 44. Rh4+ Kg2 45. Rg4 g5 46. h4
Kh3 47. Rb4 g4 48. Rxb7 Kxg3 49. h5 Kh2 50. Rb4 Kh3 51. Rb8 g3 52. Rg8 g2 53.
Kf2 Rf6+ 54. Ke3 Rf5 55. Rxg2 Kxg2 56. b4 Rxh5 57. Kd4 Rg5 58. Kc4 h5 59. b5
axb5+ 60. axb5 h4 0-1

[Event "35. Abierto Ciudad de Sevilla 2010"]
[Site "Sevilla ESP"]
[Date "2010.01.11"]
[Round "4.14"]
[White "Lalic, Bogdan"]
[Black "Estrada Martinez, Cesar"]
[Result "1/2-1/2"]
[WhiteElo "2494"]
[BlackElo "2182"]
[PlyCount "47"]
[EventDate "2010.01.08"]
[EventType "swiss"]
[EventRounds "9"]
[EventCountry "ESP"]
[Source "lmi"]
[SourceDate "2010.01.08"]

1. d4 Nf6 2. Nf3 g6 3. c4 c6 4. Nc3 d5 5. cxd5 cxd5 6. Bf4 Nc6 7. e3 Bg7 8. h3
O-O 9. Bd3 Qb6 10. a3 Bf5 11. Bxf5 gxf5 12. Qc2 e6 13. g4 Ne7 14. Bg5 Qc7 15.
Bxf6 Bxf6 16. O-O-O Rfc8 17. Kb1 b5 18. Qd3 Rab8 19. gxf5 b4 20. axb4 Rxb4 21.
Na2 Rb6 22. fxe6 fxe6 23. Rd2 Qb7 24. Rg1+ 1/2-1/2

[Event "35. Abierto Ciudad de Sevilla 2010"]
[Site "Sevilla ESP"]
[Date "2010.01.11"]
[Round "4.15"]
[White "Campora Sivori, Daniel"]
[Black "Van Hoolandt, Patrick"]
[Result "1-0"]
[WhiteElo "2483"]
[BlackElo "2207"]
[PlyCount "48"]
[EventDate "2010.01.08"]
[EventType "swiss"]
[EventRounds "9"]
[EventCountry "ESP"]
[Source "lmi"]
[SourceDate "2010.01.08"]

1. e4 e5 2. Nf3 Nc6 3. d4 exd4 4. Nxd4 Nf6 5. Nxc6 bxc6 6. Bd3 d5 7. exd5 cxd5
8. O-O c6 9. c4 Be7 10. Nc3 O-O 11. cxd5 cxd5 12. Bf4 Be6 13. Nb5 Ne8 14. Rc1
a6 15. Nd4 Bd6 16. Bxd6 Nxd6 17. Rc6 Qd7 18. Qh5 g6 19. Qe5 Nc4 20. Bxc4 dxc4
21. Nxe6 fxe6 22. Rxc4 Qd5 23. Qe2 Rad8 24. Re1 Rd6 1-0

[Event "35. Abierto Ciudad de Sevilla 2010"]
[Site "Sevilla ESP"]
[Date "2010.01.11"]
[Round "4.16"]
[White "Urbina Perez, Juan Antonio"]
[Black "Fernandez Romero, Ernesto"]
[Result "1/2-1/2"]
[WhiteElo "2197"]
[BlackElo "2458"]
[PlyCount "48"]
[EventDate "2010.01.08"]
[EventType "swiss"]
[EventRounds "9"]
[EventCountry "ESP"]
[Source "lmi"]
[SourceDate "2010.01.08"]

1. e4 c5 2. Nf3 Nc6 3. Bb5 a6 4. Bxc6 dxc6 5. d3 Qc7 6. h3 e5 7. a4 a5 8. Na3
Bd6 9. O-O Ne7 10. Nc4 f6 11. Be3 Be6 12. Nfd2 Ng6 13. Nxd6+ Qxd6 14. Nc4 Qe7
15. Qd2 Bxc4 16. dxc4 O-O 17. Rfd1 Rfd8 18. Qc3 b6 19. Qb3 Qc7 20. c3 Nf8 21.
Qc2 Ne6 22. Rxd8+ Rxd8 23. Rd1 Kf7 24. Kf1 g6 1/2-1/2

[Event "35. Abierto Ciudad de Sevilla 2010"]
[Site "Sevilla ESP"]
[Date "2010.01.11"]
[Round "4.17"]
[White "Ferrer Garcia, Isaac"]
[Black "Cabrera Trujillo, Jorge Juan"]
[Result "1/2-1/2"]
[WhiteElo "2161"]
[BlackElo "2384"]
[PlyCount "34"]
[EventDate "2010.01.08"]
[EventType "swiss"]
[EventRounds "9"]
[EventCountry "ESP"]
[Source "lmi"]
[SourceDate "2010.01.08"]

1. e4 c5 2. Nc3 a6 3. f4 b5 4. Nf3 Bb7 5. d3 e6 6. g3 d5 7. exd5 exd5 8. Bg2
Bd6 9. O-O Ne7 10. a4 b4 11. Ne2 d4 12. c3 dxc3 13. bxc3 O-O 14. d4 Nbc6 15.
Be3 Nd5 16. Bf2 bxc3 17. dxc5 Be7 1/2-1/2

[Event "35. Abierto Ciudad de Sevilla 2010"]
[Site "Sevilla ESP"]
[Date "2010.01.12"]
[Round "5.1"]
[White "Vazquez Igarza, Renier"]
[Black "Rizouk, Aimen"]
[Result "1-0"]
[WhiteElo "2560"]
[BlackElo "2532"]
[PlyCount "83"]
[EventDate "2010.01.08"]
[EventType "swiss"]
[EventRounds "9"]
[EventCountry "ESP"]
[Source "lmi"]
[SourceDate "2010.01.08"]

1. Nf3 Nf6 2. c4 e6 3. Nc3 d5 4. d4 Bb4 5. Bg5 h6 6. Bxf6 Qxf6 7. e3 O-O 8. Rc1
c6 9. a3 Bxc3+ 10. Rxc3 Nd7 11. cxd5 exd5 12. Bd3 Nb6 13. Qc2 Be6 14. O-O Nc8
15. Ne5 Nd6 16. b4 Rfc8 17. Rc1 a6 18. a4 a5 19. Qb1 Qd8 20. Rc5 axb4 21. Qxb4
Ra7 22. a5 f6 23. Ng6 Bf7 24. Nh4 Qd7 25. h3 g5 26. Nf3 Kg7 27. Nd2 Rca8 28. a6
Be8 29. Nb3 Qd8 30. R5c2 Rb8 31. Nc5 Kf7 32. axb7 Nxb7 33. Na6 Rba8 34. g4 Kg7
35. Rxc6 Bxc6 36. Rxc6 Na5 37. Rb6 Nc4 38. Rb7+ Kg8 39. Nc7 Rxb7 40. Qxb7 Rb8
41. Qc6 Rb6 42. Qxd5+ 1-0

[Event "35. Abierto Ciudad de Sevilla 2010"]
[Site "Sevilla ESP"]
[Date "2010.01.12"]
[Round "5.2"]
[White "Lemos, Damian"]
[Black "Starostits, Ilmars"]
[Result "1/2-1/2"]
[WhiteElo "2544"]
[BlackElo "2471"]
[PlyCount "25"]
[EventDate "2010.01.08"]
[EventType "swiss"]
[EventRounds "9"]
[EventCountry "ESP"]
[Source "lmi"]
[SourceDate "2010.01.08"]

1. d4 d5 2. Nf3 Bf5 3. c4 e6 4. Nc3 Nc6 5. Bg5 Be7 6. Bxe7 Ngxe7 7. e3 O-O 8.
Rc1 Rc8 9. cxd5 Nxd5 10. Be2 Nxc3 11. Rxc3 Qe7 12. O-O Rfd8 13. Qa4 1/2-1/2

[Event "35. Abierto Ciudad de Sevilla 2010"]
[Site "Sevilla ESP"]
[Date "2010.01.12"]
[Round "5.4"]
[White "Franco Ocampos, Zenon"]
[Black "Mirzoev, Azer"]
[Result "1/2-1/2"]
[WhiteElo "2535"]
[BlackElo "2594"]
[PlyCount "49"]
[EventDate "2010.01.08"]
[EventType "swiss"]
[EventRounds "9"]
[EventCountry "ESP"]
[Source "lmi"]
[SourceDate "2010.01.08"]

1. d4 d5 2. c4 dxc4 3. e3 Nf6 4. Bxc4 e6 5. Nf3 c5 6. O-O a6 7. Bb3 Nc6 8. Qe2
cxd4 9. Rd1 d3 10. Rxd3 Qc7 11. Nc3 Bd6 12. h3 O-O 13. e4 Ne5 14. Nxe5 Bxe5 15.
Be3 Bd7 16. f4 Bxf4 17. Bxf4 Qxf4 18. e5 Nd5 19. Bxd5 exd5 20. Nxd5 Qg5 21. Nb6
Bb5 22. Nxa8 Bxd3 23. Qxd3 Rxa8 24. Qd7 Qxe5 25. Qxb7 1/2-1/2

[Event "35. Abierto Ciudad de Sevilla 2010"]
[Site "Sevilla ESP"]
[Date "2010.01.12"]
[Round "5.5"]
[White "Rivas Pastor, Manuel"]
[Black "Burmakin, Vladimir"]
[Result "0-1"]
[WhiteElo "2531"]
[BlackElo "2590"]
[PlyCount "52"]
[EventDate "2010.01.08"]
[EventType "swiss"]
[EventRounds "9"]
[EventCountry "ESP"]
[Source "lmi"]
[SourceDate "2010.01.08"]

1. e4 c6 2. d4 d5 3. Nd2 g6 4. e5 Bg7 5. Bd3 c5 6. c3 Nc6 7. Ne2 Nh6 8. h3 cxd4
9. cxd4 f6 10. exf6 exf6 11. O-O O-O 12. Re1 Nf7 13. Nb3 f5 14. Bf4 a5 15. a4
g5 16. Bh2 f4 17. Nc3 Nb4 18. Bb1 Ra6 19. Nc5 Rh6 20. Nd3 Nc6 21. Ba2 Nxd4 22.
Bxd5 Rd6 23. Be4 Bf5 24. Rb1 Bxe4 25. Nxe4 Rc6 26. Rc1 f3 0-1

[Event "35. Abierto Ciudad de Sevilla 2010"]
[Site "Sevilla ESP"]
[Date "2010.01.12"]
[Round "5.7"]
[White "Korneev, Oleg"]
[Black "Campora Sivori, Daniel"]
[Result "1/2-1/2"]
[WhiteElo "2573"]
[BlackElo "2483"]
[PlyCount "59"]
[EventDate "2010.01.08"]
[EventType "swiss"]
[EventRounds "9"]
[EventCountry "ESP"]
[Source "lmi"]
[SourceDate "2010.01.08"]

1. e4 e5 2. Nf3 Nc6 3. Bc4 Bc5 4. c3 Nf6 5. d3 a6 6. O-O Ba7 7. Nbd2 d6 8. Bb3
O-O 9. h3 Ne7 10. Re1 Ng6 11. Nf1 Be6 12. Ng3 h6 13. d4 Re8 14. Bc2 c6 15. Be3
Qc7 16. Qd2 Rad8 17. Rad1 d5 18. Nxe5 Nxe5 19. Bf4 Nxe4 20. Bxe4 dxe4 21. Bxe5
Qe7 22. Nh5 f6 23. Bxf6 gxf6 24. Qxh6 Bf5 25. Nxf6+ Kf7 26. Nxe8 Rxe8 27. Qf4
Qf6 28. g4 Bg6 29. Qxf6+ Kxf6 30. a4 1/2-1/2

[Event "35. Abierto Ciudad de Sevilla 2010"]
[Site "Sevilla ESP"]
[Date "2010.01.12"]
[Round "5.10"]
[White "Teran Alvarez, Ismael"]
[Black "Spraggett, Kevin"]
[Result "1/2-1/2"]
[WhiteElo "2425"]
[BlackElo "2586"]
[PlyCount "67"]
[EventDate "2010.01.08"]
[EventType "swiss"]
[EventRounds "9"]
[EventCountry "ESP"]
[Source "lmi"]
[SourceDate "2010.01.08"]

1. e4 c5 2. Nf3 e6 3. d4 cxd4 4. Nxd4 a6 5. Bd3 Bc5 6. Nb3 Be7 7. Qg4 Bf6 8.
O-O Nc6 9. f4 d6 10. Qe2 Nge7 11. N1d2 Ng6 12. Nf3 O-O 13. c3 Qc7 14. Be3 Re8
15. Qf2 Bd8 16. Kh1 Nf8 17. Rae1 b6 18. Nbd4 Bb7 19. Qg3 Kh8 20. e5 f6 21. Nxc6
Bxc6 22. exf6 Bxf6 23. Bd4 Bxd4 24. Nxd4 Bd5 25. a3 b5 26. Re2 Qf7 27. Rfe1
Rac8 28. Be4 Bxe4 29. Rxe4 Rc7 30. Qe3 Rce7 31. Nc6 Rb7 32. Nd4 Rbe7 33. Nc6
Rb7 34. Nd4 1/2-1/2

[Event "35. Abierto Ciudad de Sevilla 2010"]
[Site "Sevilla ESP"]
[Date "2010.01.12"]
[Round "5.11"]
[White "Melero Fidalgo, Juan De Dios"]
[Black "Lalic, Bogdan"]
[Result "0-1"]
[WhiteElo "2162"]
[BlackElo "2494"]
[PlyCount "82"]
[EventDate "2010.01.08"]
[EventType "swiss"]
[EventRounds "9"]
[EventCountry "ESP"]
[Source "lmi"]
[SourceDate "2010.01.08"]

1. d4 Nf6 2. c4 e6 3. Nf3 c5 4. e3 a6 5. Bd3 d5 6. O-O dxc4 7. Bxc4 b5 8. Bd3
Bb7 9. Qe2 Nbd7 10. a4 b4 11. Nbd2 cxd4 12. exd4 Be7 13. Nc4 O-O 14. a5 Qb8 15.
Rd1 Bd5 16. Nfe5 Nxe5 17. dxe5 Nd7 18. Bf4 Qb7 19. Ne3 Bc6 20. Qh5 g6 21. Qh3
Bb5 22. Bxg6 hxg6 23. Qh6 Rfd8 24. h4 Nf8 25. h5 gxh5 26. Bg5 Rxd1+ 27. Rxd1
Bxg5 28. Qxg5+ Ng6 29. Qxh5 Qe4 30. Ng4 Qxg2+ 31. Kxg2 Nf4+ 32. Kg3 Nxh5+ 33.
Kh4 Nf4 34. Kg5 Nd5 35. Nf6+ Kg7 36. Nxd5 exd5 37. Rxd5 Rc8 38. Rd2 b3 39. f4
Rc2 40. Rd8 Rxb2 41. f5 Rg2+ 0-1

[Event "35. Abierto Ciudad de Sevilla 2010"]
[Site "Sevilla ESP"]
[Date "2010.01.12"]
[Round "5.12"]
[White "Fernandez Romero, Ernesto"]
[Black "Codenotti, Marco"]
[Result "1-0"]
[WhiteElo "2458"]
[BlackElo "2169"]
[PlyCount "61"]
[EventDate "2010.01.08"]
[EventType "swiss"]
[EventRounds "9"]
[EventCountry "ESP"]
[Source "lmi"]
[SourceDate "2010.01.08"]

1. e4 c5 2. b3 Nf6 3. e5 Nd5 4. Bb2 g6 5. Qf3 Nb4 6. Na3 Bg7 7. h4 N8c6 8. e6
O-O 9. Bxg7 Kxg7 10. Qc3+ f6 11. exd7 Bxd7 12. Qxc5 Qb6 13. Qc3 Nd4 14. Ne2 e5
15. Nxd4 exd4 16. Qg3 Bf5 17. Bc4 Qa5 18. h5 Rac8 19. hxg6 hxg6 20. Kf1 Qxa3
21. Qf4 Rh8 22. Rxh8 Rxh8 23. Qc7+ Kh6 24. Qh2+ Kg7 25. Qc7+ Kh6 26. Ke2 Bg4+
27. f3 Re8+ 28. Kf2 Nxc2 29. Rh1+ Bh5 30. Bd3 Nb4 31. Rxh5+ 1-0

[Event "35. Abierto Ciudad de Sevilla 2010"]
[Site "Sevilla ESP"]
[Date "2010.01.12"]
[Round "5.13"]
[White "Estrada Martinez, Cesar"]
[Black "Razmyslov, Alexander"]
[Result "0-1"]
[WhiteElo "2182"]
[BlackElo "2431"]
[PlyCount "62"]
[EventDate "2010.01.08"]
[EventType "swiss"]
[EventRounds "9"]
[EventCountry "ESP"]
[Source "lmi"]
[SourceDate "2010.01.08"]

1. Nf3 Nf6 2. d4 c5 3. c4 cxd4 4. Nxd4 e5 5. Nb5 d5 6. cxd5 Bc5 7. e3 O-O 8.
N5c3 e4 9. Be2 Qe7 10. O-O Rd8 11. Nd2 a6 12. Qb3 b5 13. Rd1 Bd6 14. Nf1 Nbd7
15. a3 Nb6 16. a4 b4 17. a5 Nbd7 18. Na4 Bb7 19. Ng3 Qe5 20. Bc4 h5 21. Bd2 h4
22. Nf1 Qe7 23. Nb6 Nxb6 24. axb6 Nxd5 25. Be1 Nxb6 26. Rxd6 Rxd6 27. Bxb4 Nxc4
28. Qxc4 Qe6 29. Qc7 Rd7 30. Qf4 h3 31. Ng3 Rad8 0-1

[Event "35. Abierto Ciudad de Sevilla 2010"]
[Site "Sevilla ESP"]
[Date "2010.01.12"]
[Round "5.14"]
[White "Barrero Garcia, Carlos"]
[Black "Ferrer Garcia, Isaac"]
[Result "1-0"]
[WhiteElo "2421"]
[BlackElo "2161"]
[PlyCount "127"]
[EventDate "2010.01.08"]
[EventType "swiss"]
[EventRounds "9"]
[EventCountry "ESP"]
[Source "lmi"]
[SourceDate "2010.01.08"]

1. e4 c5 2. Nf3 g6 3. d4 cxd4 4. Nxd4 Nc6 5. Nc3 Bg7 6. Nb3 Nf6 7. Be2 O-O 8.
O-O d6 9. Re1 Be6 10. Bg5 Re8 11. Bf1 Rc8 12. Nd5 Bxd5 13. exd5 Ne5 14. Bb5
Ned7 15. c3 a6 16. Be2 Nb6 17. Bf3 Nc4 18. Bc1 Qb6 19. a4 Na5 20. Nxa5 Qxa5 21.
Qb3 Nd7 22. Be3 Qc7 23. a5 Ne5 24. Be2 Nc4 25. Ba7 Ra8 26. Bd4 Nd2 27. Qb6 Qxb6
28. Bxb6 Rac8 29. Ra4 Nb3 30. Bg4 f5 31. Bf3 Nc5 32. Rc4 Kf8 33. Rh4 Kg8 34.
Rd1 Bf6 35. Rb4 Nd7 36. Be3 Rc7 37. Ra1 Nc5 38. g3 Rec8 39. Be2 Kf7 40. g4 Ne4
41. Bb6 Rd7 42. gxf5 gxf5 43. Bh5+ Kg7 44. Rxe4 fxe4 45. Bg4 Rdc7 46. Re1 Rc4
47. Bxc8 Rxc8 48. Rxe4 Kf7 49. f3 Be5 50. Rh4 Kg6 51. Kf2 Re8 52. Be3 Rc8 53.
Ke2 Bf6 54. Rb4 Rc7 55. Kd3 e6 56. dxe6 Kf5 57. Re4 d5 58. Rb4 Kxe6 59. Rb6+
Ke7 60. f4 Rd7 61. f5 Kf7 62. Bd4 Bd8 63. Rh6 Bxa5 64. Rxh7+ 1-0

[Event "35. Abierto Ciudad de Sevilla 2010"]
[Site "Sevilla ESP"]
[Date "2010.01.12"]
[Round "5.15"]
[White "Barrios Muñoz, Rafael"]
[Black "Ivanov, Jordan"]
[Result "0-1"]
[WhiteElo "2152"]
[BlackElo "2409"]
[PlyCount "104"]
[EventDate "2010.01.08"]
[EventType "swiss"]
[EventRounds "9"]
[EventCountry "ESP"]
[Source "lmi"]
[SourceDate "2010.01.08"]

1. e4 c5 2. Nf3 e6 3. c4 Nc6 4. d4 cxd4 5. Nxd4 Nf6 6. Nxc6 bxc6 7. Nc3 e5 8.
Be3 d6 9. Be2 Be6 10. O-O Be7 11. Qa4 Qd7 12. Rfd1 O-O 13. Rd2 Qb7 14. Qd1 Rfd8
15. Bg5 Ne8 16. Bxe7 Qxe7 17. b4 Nf6 18. a4 a5 19. b5 Rac8 20. Rb1 cxb5 21.
Rxb5 Bxc4 22. Bxc4 Rxc4 23. Nd5 Nxd5 24. Rbxd5 Qc7 25. Qg4 Rxa4 26. h4 h5 27.
Qf5 Qe7 28. g3 g6 29. Qg5 Qxg5 30. hxg5 Rxe4 31. Rxa5 Rg4 32. Kh2 Kg7 33. f3
Rxg5 34. f4 Rf5 35. fxe5 Re8 36. Rxd6 Rexe5 37. Ra2 Re3 38. Rd7 Rff3 39. Rg2
Re1 40. Rc2 Rff1 41. Rdd2 Kh6 42. Ra2 Kg5 43. Ra5+ f5 44. Rda2 Rf3 45. Rc2 Re4
46. Ra6 Rg4 47. Rg2 Kh6 48. Rf6 Re3 49. Ra6 h4 50. gxh4 Rxg2+ 51. Kxg2 Kh5 52.
Rf6 Re4 0-1

[Event "35. Abierto Ciudad de Sevilla 2010"]
[Site "Sevilla ESP"]
[Date "2010.01.12"]
[Round "5.16"]
[White "Lanzani, Mario"]
[Black "Morales Araujo, Francisco"]
[Result "1-0"]
[WhiteElo "2369"]
[BlackElo "2138"]
[PlyCount "77"]
[EventDate "2010.01.08"]
[EventType "swiss"]
[EventRounds "9"]
[EventCountry "ESP"]
[Source "lmi"]
[SourceDate "2010.01.08"]

1. Nf3 f5 2. g3 Nf6 3. Bg2 d6 4. d4 g6 5. O-O Bg7 6. Nc3 c6 7. Qd3 O-O 8. e4
fxe4 9. Nxe4 Qc7 10. Bf4 Nd5 11. Bd2 Bf5 12. Nh4 e5 13. dxe5 dxe5 14. c4 Nf6
15. Nxf5 gxf5 16. Nc5 e4 17. Qb3 Rf7 18. Ne6 Qe7 19. Nxg7 Rxg7 20. f3 Na6 21.
Qe3 Rd8 22. Bc3 Rd3 23. Qe2 Rxc3 24. bxc3 e3 25. f4 Qc5 26. Rae1 Re7 27. h3 b5
28. Rf3 Ne4 29. Rxe3 Nxc3 30. Qd2 Ne4 31. Bxe4 fxe4 32. cxb5 cxb5 33. Rc1 Qb4
34. Qd5+ Kg7 35. Rc8 Qb1+ 36. Kf2 Qb2+ 37. Re2 e3+ 38. Kf3 Qf6 39. Rg8+ 1-0

[Event "35. Abierto Ciudad de Sevilla 2010"]
[Site "Sevilla ESP"]
[Date "2010.01.12"]
[Round "5.17"]
[White "Perera Casiñas, Antonio"]
[Black "Diogo, Vasco"]
[Result "0-1"]
[WhiteElo "2076"]
[BlackElo "2303"]
[PlyCount "88"]
[EventDate "2010.01.08"]
[EventType "swiss"]
[EventRounds "9"]
[EventCountry "ESP"]
[Source "lmi"]
[SourceDate "2010.01.08"]

1. d4 d5 2. c4 c6 3. Nf3 Nf6 4. Nc3 a6 5. Ne5 dxc4 6. Nxc4 b5 7. Ne5 e6 8. g3
c5 9. Bg2 Ra7 10. Be3 Bd6 11. O-O O-O 12. a4 b4 13. Ne4 Nd5 14. Qd2 Rc7 15.
Nxc5 Rxc5 16. Nxf7 Rxf7 17. dxc5 Be5 18. Rad1 Nc6 19. Bxd5 exd5 20. Qxd5 Qxd5
21. Rxd5 Bxb2 22. Rfd1 Be5 23. f4 Bc7 24. Bc1 Re7 25. Kf2 Be6 26. R5d3 Bf5 27.
Re3 Be4 28. Bb2 Kf7 29. Rc1 g6 30. Rc4 Bd5 31. Rxe7+ Kxe7 32. Rc1 Bb3 33. Ra1
Bb8 34. Bc1 Ba7 35. Be3 Bc2 36. Bc1 Bxc5+ 37. e3 b3 38. Ke2 Na5 39. Kd2 Bb4+
40. Ke2 Nc4 41. a5 Kd6 42. Kf3 Kc5 43. e4 Bc3 44. Ra4 Kb5 0-1

[Event "35. Abierto Ciudad de Sevilla 2010"]
[Site "Sevilla ESP"]
[Date "2010.01.12"]
[Round "5.18"]
[White "Scharrer, Patrick"]
[Black "Coimbra, Margarida"]
[Result "0-1"]
[WhiteElo "2289"]
[BlackElo "2109"]
[PlyCount "94"]
[EventDate "2010.01.08"]
[EventType "swiss"]
[EventRounds "9"]
[EventCountry "ESP"]
[Source "lmi"]
[SourceDate "2010.01.08"]

1. e4 e5 2. Nf3 Nc6 3. Bc4 Bc5 4. O-O Nf6 5. d4 exd4 6. e5 d5 7. exf6 dxc4 8.
fxg7 Rg8 9. Re1+ Be6 10. Bg5 Be7 11. Bxe7 Kxe7 12. Re4 Rxg7 13. Nxd4 Nxd4 14.
Rxd4 Qg8 15. Qf3 Rg4 16. Rd2 c6 17. Nc3 Rd8 18. Rxd8 Qxd8 19. Rd1 Rd4 20. Re1
Kd7 21. Ne4 Kc8 22. h3 Qd5 23. c3 Rd3 24. Qf4 a6 25. Kh2 b5 26. Qf6 Qf5 27. Qe7
Qe5+ 28. g3 f5 29. f4 Qd5 30. Nf2 Rd2 31. Kg1 Bd7 32. g4 Qf3 33. Qe3 Qxe3 34.
Rxe3 Rxb2 35. g5 Kd8 36. h4 Be8 37. Re5 Bg6 38. Nh1 Rxa2 39. Ng3 Ra5 40. h5
Bxh5 41. Nxh5 b4 42. Re1 b3 43. Rb1 Ra2 44. Ng3 b2 45. Nf1 a5 46. Rd1+ Ke7 47.
Rd2 b1=Q 0-1

[Event "35. Abierto Ciudad de Sevilla 2010"]
[Site "Sevilla ESP"]
[Date "2010.01.12"]
[Round "5.19"]
[White "Sgnaolin, Davide"]
[Black "Gutierrez Valero, Mario"]
[Result "1-0"]
[WhiteElo "2220"]
[BlackElo "2079"]
[PlyCount "113"]
[EventDate "2010.01.08"]
[EventType "swiss"]
[EventRounds "9"]
[EventCountry "ESP"]
[Source "lmi"]
[SourceDate "2010.01.08"]

1. e4 c5 2. c3 d5 3. exd5 Qxd5 4. d4 Nc6 5. Nf3 Bg4 6. Be2 cxd4 7. cxd4 e6 8.
Nc3 Bb4 9. h3 Bh5 10. O-O Qa5 11. Ne5 Bxe2 12. Nxe2 Nxe5 13. dxe5 Qxe5 14. Qa4+
b5 15. Qxb4 Qxe2 16. a4 a5 17. Qxb5+ Qxb5 18. axb5 Nf6 19. Bd2 Kd7 20. Bxa5
Rhb8 21. Bc3 Rxa1 22. Rxa1 Rxb5 23. Bxf6 gxf6 24. Rd1+ Kc6 25. Rd2 Rb7 26. Kf1
Kc5 27. Ke2 Kc4 28. Kf3 Kb3 29. Kg4 Ka2 30. Kh5 f5 31. Kh6 f6 32. b4+ Kb3 33.
Rd6 Re7 34. b5 Kc4 35. b6 Kc5 36. b7 Rxb7 37. Rxe6 Rf7 38. Re3 Kd4 39. Rg3 f4
40. Rg8 Kd3 41. Re8 Kd4 42. f3 f5 43. Kg5 Rg7+ 44. Kxf4 Rxg2 45. Rd8+ Kc5 46.
Rd7 Rg1 47. Rxh7 Kd6 48. Kxf5 Rg3 49. f4 Rg1 50. Kf6 Rf1 51. Kf5 Rg1 52. h4 Rg8
53. h5 Rf8+ 54. Kg5 Rg8+ 55. Kf6 Rf8+ 56. Rf7 Rh8 57. Kg6 1-0

[Event "35. Abierto Ciudad de Sevilla 2010"]
[Site "Sevilla ESP"]
[Date "2010.01.12"]
[Round "5.20"]
[White "Guerreiro Ricardo, Nuno"]
[Black "Fernandez Troncoso, Francisco"]
[Result "1-0"]
[WhiteElo "2076"]
[BlackElo "2213"]
[PlyCount "89"]
[EventDate "2010.01.08"]
[EventType "swiss"]
[EventRounds "9"]
[EventCountry "ESP"]
[Source "lmi"]
[SourceDate "2010.01.08"]

1. d4 Nf6 2. Nf3 g6 3. Bf4 Bg7 4. e3 d6 5. Be2 O-O 6. h3 Nc6 7. c4 Nd7 8. Nc3
e5 9. Bh2 f5 10. Nd5 g5 11. g4 Nb6 12. Rg1 fxg4 13. hxg4 exd4 14. exd4 Nxd5 15.
cxd5 Rxf3 16. Bxf3 Nxd4 17. Be4 Bd7 18. Kf1 Qe7 19. Qe1 Re8 20. f3 Qf6 21. Qf2
Rf8 22. Rg3 Bb5+ 23. Kg2 Ne2 24. Rh3 h6 25. Rb1 Qe7 26. Rd1 Nf4+ 27. Bxf4 Rxf4
28. Re1 Qf6 29. Rc1 Qe7 30. Qc2 Bd7 31. Re1 Qf7 32. Qxc7 Bxb2 33. Qxd6 Bxg4 34.
Rg3 Bd7 35. Qxh6 Bf6 36. Rh1 Qg7 37. Qxg7+ Bxg7 38. Rxg5 Rf7 39. d6 Be6 40. a4
Rd7 41. Rh7 Kf8 42. f4 Bg8 43. Rhxg7 Rxg7 44. Rxg7 Kxg7 45. d7 1-0

[Event "35. Abierto Ciudad de Sevilla 2010"]
[Site "Sevilla ESP"]
[Date "2010.01.13"]
[Round "6.1"]
[White "Burmakin, Vladimir"]
[Black "Vazquez Igarza, Renier"]
[Result "1/2-1/2"]
[WhiteElo "2590"]
[BlackElo "2560"]
[PlyCount "23"]
[EventDate "2010.01.08"]
[EventType "swiss"]
[EventRounds "9"]
[EventCountry "ESP"]
[Source "lmi"]
[SourceDate "2010.01.08"]

1. d4 d5 2. Nf3 Nf6 3. c4 c6 4. e3 Bg4 5. h3 Bf5 6. Nc3 e6 7. g4 Be4 8. Nxe4
Nxe4 9. Bd3 h5 10. Ke2 Nd7 11. Bd2 Qf6 12. Qc2 1/2-1/2

[Event "35. Abierto Ciudad de Sevilla 2010"]
[Site "Sevilla ESP"]
[Date "2010.01.13"]
[Round "6.2"]
[White "Hickl, Joerg"]
[Black "Lemos, Damian"]
[Result "1/2-1/2"]
[WhiteElo "2572"]
[BlackElo "2544"]
[PlyCount "31"]
[EventDate "2010.01.08"]
[EventType "swiss"]
[EventRounds "9"]
[EventCountry "ESP"]
[Source "lmi"]
[SourceDate "2010.01.08"]

1. e4 e6 2. Nc3 d5 3. d4 Nf6 4. exd5 exd5 5. Bd3 Be7 6. Nge2 O-O 7. Bf4 b6 8.
O-O c6 9. Ng3 Na6 10. Re1 Nc7 11. h3 Re8 12. Qf3 Ne6 13. Be3 g6 14. Nce2 Bf8
15. c3 Bg7 16. Bd2 1/2-1/2

[Event "35. Abierto Ciudad de Sevilla 2010"]
[Site "Sevilla ESP"]
[Date "2010.01.13"]
[Round "6.3"]
[White "Starostits, Ilmars"]
[Black "Hamdouchi, Hicham"]
[Result "0-1"]
[WhiteElo "2471"]
[BlackElo "2601"]
[PlyCount "52"]
[EventDate "2010.01.08"]
[EventType "swiss"]
[EventRounds "9"]
[EventCountry "ESP"]
[Source "lmi"]
[SourceDate "2010.01.08"]

1. e4 d5 2. exd5 Qxd5 3. Nc3 Qa5 4. d4 Nf6 5. Nf3 c6 6. Bd2 Bf5 7. Ne4 Qb6 8.
Nxf6+ gxf6 9. b4 Rg8 10. Rb1 Nd7 11. Rb3 e5 12. Be3 Qc7 13. dxe5 Be6 14. c4
O-O-O 15. Qc2 Nxe5 16. Nxe5 Qxe5 17. f4 Bxb4+ 18. Kf2 Qa5 19. Rxb4 Qxb4 20. Be2
Qa5 21. Qxh7 Qxa2 22. Rc1 Rxg2+ 23. Kxg2 Qxe2+ 24. Bf2 Qg4+ 25. Kh1 Bxc4 26.
Bg3 Rd1+ 0-1

[Event "35. Abierto Ciudad de Sevilla 2010"]
[Site "Sevilla ESP"]
[Date "2010.01.13"]
[Round "6.7"]
[White "Matamoros Franco, Carlos"]
[Black "Barrero Garcia, Carlos"]
[Result "1-0"]
[WhiteElo "2545"]
[BlackElo "2421"]
[PlyCount "93"]
[EventDate "2010.01.08"]
[EventType "swiss"]
[EventRounds "9"]
[EventCountry "ESP"]
[Source "lmi"]
[SourceDate "2010.01.08"]

1. c4 e5 2. g3 Nc6 3. Nc3 f5 4. Nf3 Nf6 5. d4 e4 6. Nh4 d5 7. Bg5 Be7 8. e3 Be6
9. Bxf6 Bxf6 10. cxd5 Bxd5 11. Nxf5 g6 12. Nh4 Bxh4 13. gxh4 O-O 14. Nxd5 Qxd5
15. Qb3 Qxb3 16. axb3 Rf5 17. Be2 Raf8 18. O-O a5 19. Rac1 Kg7 20. Kg2 R8f7 21.
f3 Re7 22. Rc3 Nb4 23. fxe4 Rxf1 24. Bxf1 Rxe4 25. Rxc7+ Kf6 26. Bc4 Rxh4 27.
Rxb7 Nc2 28. Rf7+ Kg5 29. Re7 Rg4+ 30. Kf3 h5 31. d5 Rg1 32. d6 Rd1 33. Re5+
Kf6 34. Rd5 Rxd5 35. Bxd5 Nb4 36. e4 Nd3 37. h4 g5 38. hxg5+ Kxg5 39. Ke3 Ne5
40. Be6 Kf6 41. Bh3 Nf7 42. Kd4 Ne5 43. Kd5 Nf7 44. Be6 h4 45. Bxf7 Kxf7 46. d7
Ke7 47. Kc6 1-0